00454nam a22001572 4500001001100000005001700011008004100028020001700069040001500086100003100101245006400132250001300196260003000209300001400239650004300253000001873820151217155858.0100615s xx 000 0 eng d a996677744x : aKABUcKABU1 aNyokabi, Jane.@000017808810aDeterminants of primary schooling in Kenya /cJane Nyokabi. a1st ed. aNairobi :bKIPPRA,c2009. av, 42 p. 0aEducation, PrimaryzKenya.@0000153495